000 00368nam a22001577a 4500
003 SGT
020 _aPeriodontology
082 _a617.63
_bO94G
100 _aGoaz, Paul
245 _aOral Radiology : Principles and Interpretation
250 _a3rd
260 _aSINGAPORE
_bHarcourt Brace
_c1994
300 _a1-730
650 _aORAL MEDICINE
942 _2ddc
_cBK
999 _c21861
_d21861